The First World War by year - 1914 - Statistics

General Stats
  • This quiz has been taken 773 times
  • The average score is 14 of 33
Answer Stats
Date Hint Answer % Correct
5th July This country gives assurance of support to Austria-Hungary Germany
98%
23rd July Austria-Hungary sends an ultimatum to this country Serbia
95%
28th June Archduke Franz Ferdinand was shot by Gavrilo Princip in this city Sarajevo
94%
28th July Austria-Hungary declares war on Serbia as this country mobilizes Russia
91%
1st August Germany declares this on Russia War
83%
3rd August This country denies permission for German forces to pass through the French border Belgium
69%
3rd August Germany declares war on this country France
65%
4th August This country declares war on Germany The United Kingdom
62%
6th August Serbia declares war on this country Germany
49%
31st July The country undergoing mobilization declares it only against this country Austria-Hungary
44%
1st August Germany and this state sign a secret alliance treaty Ottoman Empire
41%
6th August Austria-Hungary declares war on this country Russia
40%
2nd November This country begins the naval blockade of Germany The United Kingdom
38%
11th September This commonwealth country occupies German New Guinea Australia
36%
1st August This country declares neutrality Italy
35%
2nd August Germany invades this country Luxembourg
35%
28th July This country declares neutrality The Netherlands
34%
12th August The United Kingdom declares war on this country Austria-Hungary
31%
8th December A naval battle is fought around these islands long before the feud between the United Kingdom and Argentina The Falklands
31%
26th August The Togoland is conquered by the Britsh and what other force? The French
31%
1st November This country declares war on the Ottoman Empire Russia
28%
25th August Japan declares war on this country Austria-Hungary
27%
5th November The United Kingdom and France declare war on this German ally Ottoman Empire
27%
5th August The Ottoman Empire closes this strait in northwestern Turkey The Dardanelles
27%
7th August This force arrives in France The British Expeditionary Force
25%
5th August This country declares war on Austria-Hungary Montenegro
24%
11th August This country declares war on Austria-Hungary France
23%
3rd November A battle was fought on the slopes of this African mountain Kilimanjaro
20%
23rd August This country declares war on Germany Japan
18%
22nd August Austria-Hungary declares war on this country Belgium
12%
9th August This country declares war Germany Montenegro
12%
3rd November This country declares war on the Ottoman Empire Montenegro
10%
9th August This campaign begins in German-occupied West Africa Togoland Campaign
5%
No matching quizzes found
Score Distribution
Percent of People with Each Score
Percentile by Number Answered
Your Score History
You have not taken this quiz